Hoofdsteden van landen in 1914 - Statistieken

Algemene statistieken
  • Deze quiz is 20 keer genomen
  • De gemiddelde score is 28 van 64
Antwoordstatistieken
Land Hoofdstad % Correct
Nederland Amsterdam
83%
Griekenland Athene
72%
Afghanistan Kabul
72%
Duitsland Berlijn
67%
België Brussel
67%
Denemarken Kopenhagen
67%
Frankrijk Parijs
67%
Italië Rome
67%
Liechtenstein Vaduz
67%
Andorra Andorra la Vella
61%
Monaco Monaco
61%
Noorwegen Oslo
61%
China Peking
61%
Japan Tokio
61%
Austria-Hungary Wenen | Boedapest
61%
Roemenië Boekarest
56%
Argentinië Buenos Aires
56%
Portugal Lissabon
56%
Verenigd Koninkrijk Londen
56%
Spanje Madrid
56%
Mexico Mexico-Stad
56%
Canada Ottawa
56%
Brazilië Rio de Janeiro
56%
San Marino San Marino
56%
Chili Santiago
56%
Bulgarije Sofia
56%
Zweden Stockholm
56%
Verenigde Staten Washington D.C.
56%
Servië Belgrado
50%
Zwitserland Bern
50%
Peru Lima
50%
Uruguay Montevideo
50%
El Salvador San Salvador
50%
Nieuw-Zeeland Wellington
50%
Colombia Bogota
44%
Cuba Havana
44%
Australië Melbourne
44%
Panama Panama-Stad
44%
Ecuador Quito
44%
Persia Teheran
44%
Ethiopië Addis Abeba
39%
Guatemala Guatemala-Stad
39%
Haïti Port-au-Prince
39%
Zuid-Afrika Pretoria
39%
Dominicaanse Republiek Santo Domingo
39%
Bolivia Sucre
39%
Honduras Tegucigalpa
39%
Paraguay Asuncion
33%
Siam Bangkok
33%
Venezuela Caracas
33%
Nicaragua Managua
33%
Liberia Monrovia
33%
Costa Rica San José
33%
Muscat and Oman Masqat
28%
Albanië Durres
17%
Nedj and Hasa Riyad
11%
Rusland Saint Petersburg
11%
Ha'il Ha'il
6%
Luxemburg Luxembourg City
6%
Montenegro Cetinje
0%
Ottoman Empire Constantinople
0%
Sulu Jolo
0%
Mongolië Niislel Khuree
0%
Newfoundland Saint John's
0%
Geen overeenkomende quizzen gevonden
Scoreverdeling
Procent van Mensen met Elke Score
Percentiel versus Aantal Correcte Antwoorden
Uw Scoregeschiedenis
U heeft deze quiz nog niet genomen